|
003 -Nazwa inst., której nr kontr. jest w polu 001 [,]
|
-
- @
- Nazwa instytucji, której n kontrolny jest w polu 001
- NUKAT
|
|
005 -DATA I CZAS OSTATNIEJ MODYFIKACJI [,]
|
-
- @
- pole kontrolne
- 20241231090911.0
|
|
020 -Międzynarod. znormalizowany nr książki - ISBN [ , ]
|
-
- a
- Numer ISBN
- 9788379309399
|
|
040 -Instytucja sporządzająca opis [ , ]
|
-
- a
- Instytucja, która sporządziła opis (NP)
- OLSZT 003/DS
-
- c
- Instytucja, która sporządziła rekord (NP)
- OLSZT 003/DSs
-
- d
- Instytucja, która zmodyfikowała rekord (P)
- OLSZT 003/ISO
-
- d
- Instytucja, która zmodyfikowała rekord (P)
- POZN U/HAs
-
- d
- Instytucja, która zmodyfikowała rekord (P)
- WA 51/EN
|
|
942 -Rodzaj dokumentu [ , ]
|
-
- c
- Rodzaj dokumentu
- Książka
|
|
080 -Uniwersalna Klasyfikacja Dziesiętna [ , ]
|
-
- 2
- Identyfikator wydania tablic
- BN KHW UKD
-
-
- a
- Symbol klasyfikacji
- 332.14(438)
-
- b
- Dopowiedzenie
- Regionalna, terytorialna polityka gospodarcza w Polsce. Planowanie gospodarcze w Polsce. Planowanie terenowe w Polsce. Prognozy gospodarcze w Polsce
|
|
080 -Uniwersalna Klasyfikacja Dziesiętna [ , ]
|
-
- 2
- Identyfikator wydania tablic
- BN KHW UKD
-
-
- a
- Symbol klasyfikacji
- 332.14(4-67)
-
- b
- Dopowiedzenie
- Regionalna, terytorialna polityka gospodarcza w Unii Europejskiej, w krajach Unii Europejskiej. Planowanie gospodarcze w Unii Europejskiej, w krajach Unii Europejskiej. Planowanie terenowe w Unii Europejskiej, w krajach Unii Europejskiej. Prognozy gospodarcze w Unii Europejskiej, w krajach Unii Europejskiej.
|
|
080 -Uniwersalna Klasyfikacja Dziesiętna [ , ]
|
-
- 2
- Identyfikator wydania tablic
- UDC-P058
-
-
- a
- Symbol klasyfikacji
- 330.35
-
- b
- Dopowiedzenie
- Wzrost gospodarczy. Czynniki wzrostu gospodarczego. Tempo wzrostu. Stopa wzrostu.
|
|
650 -Hasło przedmiotowe [ ,7]
|
-
- a
- Hasło przedmiotowe
- Regionalizacja ekonomiczna
-
- z
- Określnik geograficzny
- Polska
-
- y
- Określnik chronologiczny
- 1990-.
-
-
|
|
650 -Hasło przedmiotowe [ ,7]
|
-
- a
- Hasło przedmiotowe
- Rozwój gospodarczy
-
- x
- Określnik rzeczowy
- polityka publiczna
-
- z
- Określnik geograficzny
- Polska
-
- y
- Określnik chronologiczny
- 1990-.
-
-
|
|
650 -Hasło przedmiotowe [ ,7]
|
-
- a
- Hasło przedmiotowe
- Regionalizacja ekonomiczna
-
- z
- Określnik geograficzny
- Kraje Unii Europejskiej
-
- y
- Określnik chronologiczny
- 1990-.
-
-
|
|
650 -Hasło przedmiotowe [ ,7]
|
-
- a
- Hasło przedmiotowe
- Regionalizacja ekonomiczna
-
- z
- Określnik geograficzny
- Polska
-
- y
- Określnik chronologiczny
- 1990-
-
- v
- Określnik formalny
- studium przypadku.
-
-
|
|
980 -Symbol UKD [ , ]
|
-
- a
- UKD
- 332.14(438):332.14(4-67):330.35
|
|
700 -Hasło dodatkowe - nazwa osobowa [1, ]
|
-
- a
- Nazwa osobowa (NP)
- Brodzicki, Tomasz.
-
|
|
700 -Hasło dodatkowe - nazwa osobowa [1, ]
|
-
- a
- Nazwa osobowa (NP)
- Ciołek, Dorota.
-
|
|
700 -Hasło dodatkowe - nazwa osobowa [1, ]
|
-
- a
- Nazwa osobowa (NP)
- Komornicki, Tomasz
-
- d
- Daty biograficzne (NP)
- (1963- ).
-
|
|
700 -Hasło dodatkowe - nazwa osobowa [1, ]
|
-
- a
- Nazwa osobowa (NP)
- Szlachta, Jacek
-
- d
- Daty biograficzne (NP)
- (1950- ).
-
|
|
700 -Hasło dodatkowe - nazwa osobowa [1, ]
|
-
- a
- Nazwa osobowa (NP)
- Zaleski, Janusz
-
- c
- Dopowiedzenie inne niż daty biograficzne (NP)
- (ekonomia).
-
|
|
700 -Hasło dodatkowe - nazwa osobowa [1, ]
|
-
- a
- Nazwa osobowa (NP)
- Mogiła, Zbigniew.
-
|
|
710 -Hasło dodatkowe - nazwa ciała zbiorowego [2, ]
|
-
- a
- Nazwa ciała zbiorowego lub nazwa geograficzna jako pierwszy element (NP)
- Difin.
-
-
|